ՀՀ Գիտությունների ազգային ակադեմիայի հիմնարար գիտական գրադարան  =   Fundamental Scientific Library of NAS RA

Եկեղեցական Սուրբ պատկերներ / (Record no. 180977)

MARC details
000 -LEADER
fixed length control field 00537nam a2200169 u 4500
001 - CONTROL NUMBER
control field 000491128
003 - CONTROL NUMBER IDENTIFIER
control field AM-YeHGA
005 - DATE AND TIME OF LATEST TRANSACTION
control field 20250617134357.0
008 - FIXED-LENGTH DATA ELEMENTS--GENERAL INFORMATION
fixed length control field 060601s1898 ai | |||||||||||||arm|d
040 ## - CATALOGING SOURCE
Original cataloging agency AM-YeHGA
041 0# - LANGUAGE CODE
Language code of text/sound track or separate title arm
090 ## - LOCALLY ASSIGNED LC-TYPE CALL NUMBER (OCLC); LOCAL CALL NUMBER (RLIN)
-- 182428
245 00 - TITLE STATEMENT
Title Եկեղեցական Սուրբ պատկերներ /
Statement of responsibility, etc. Աշխատասիր.՝ Պ.Ք.Տ.-Յ.
260 ## - PUBLICATION, DISTRIBUTION, ETC.
Place of publication, distribution, etc. Շուշի :
Name of publisher, distributor, etc. տպ. Ա.Մ. Մահտէսի-Յակովբէանցի,
Date of publication, distribution, etc. 1898.
300 ## - PHYSICAL DESCRIPTION
Extent 24 էջ ;
Dimensions 17 սմ.
650 14 - SUBJECT ADDED ENTRY--TOPICAL TERM
Topical term or geographic name entry element Քրիստոնեական եկեղեցի
Holdings
Withdrawn status Lost status Source of classification or shelving scheme Damaged status Not for loan Collection Home library Current library Date acquired Total checkouts Full call number Barcode Date last seen Price effective from Koha item type Public note
    Universal Decimal Classification     Levonyan Individual Collection Fundamental Scientific Library Fundamental Scientific Library 28/12/2016   Լեվ/1881 FL0409287 28/12/2016 28/12/2016 Գրքեր / Books ILL Non-Circ.


ՀՀ ԳԱԱ հիմնարար գիտական գրադարան
ՀՀ,Երևան 0019
Մարշալ Բաղրամյան 24/6
հեռախոս:(374-10) 52-47-50
Հետադարձ կապ

All site content, except where otherwise noted, is licensed under a
Creative Commons License